000 00652nam a2200217Ia 4500
003 OSt
005 20241115124557.0
008 210716s2005 xx 000 0 und d
020 _a8178819511
040 _cAIMIT LIBRARY
041 _aeng
082 _a005.74
_21
_bDATA
245 _aDatabase management system.
250 _a1st ed.
260 _aHyderabad :
_bThe ICFAI University ,
_c2005.
300 _a251 p.;
_c28 cm.
650 _aNature and purpose of database systems
_9185555
650 _aCommon features of database systems
_9185556
650 _aWhat a database ststem does for the user
_9185557
942 _2ddc
_cBK
_e1
_k005.74 DATA
999 _c187770
_d187770